00305pam a2200121 a 4500020002400000041000500024082001100029100002200040245007000062250001100132260003200143300000800175 a978-81-265-4124-9c h a621.39 aApte S.D.eAuthor aAdvanced Digital Signal ProcessingcApte S.D.hTextual Documents  a1st ED bWiley India Pvt. Ltd.c2016 a530